00441pab a2200145 454500008004000000100002300040245008700063260000900150300001200159362000800171650002600179650001800205700002000223773005200243180718b1999 xxu||||| |||| 00| 0 eng d aSeiichiro Hayakawa aTemporary employees in the Japanese government: a growing and disadvantaged groups c1999 ap.25-40 aMar aCivil service - Japan aCivil service aFrancois Simard aInternational Review of Administrative Sciences